Age, period, and cohort size effects on self-reported alcohol, marijuana, and polydrug use: Results from the National Youth Survey

Guardado en:  
Detalles Bibliográficos
Autores principales: Menard, Scott W. (Autor) ; Huizinga, David (Autor)
Tipo de documento: Electrónico Artículo
Lenguaje:Inglés
Publicado: 1989
En: Social science research
Año: 1989, Volumen: 18, Número: 2, Páginas: 174-194
Acceso en línea: Volltext (lizenzpflichtig)
Verificar disponibilidad: HBZ Gateway

MARC

LEADER 00000caa a22000002c 4500
001 1912453258
003 DE-627
005 20250127054930.0
007 cr uuu---uuuuu
008 241217s1989 xx |||||o 00| ||eng c
024 7 |a 10.1016/0049-089X(89)90018-5  |2 doi 
035 |a (DE-627)1912453258 
035 |a (DE-599)KXP1912453258 
040 |a DE-627  |b ger  |c DE-627  |e rda 
041 |a eng 
084 |a 2,1  |2 ssgn 
100 1 |a Menard, Scott W.  |e VerfasserIn  |0 (DE-588)170056414  |0 (DE-627)060075015  |0 (DE-576)165980214  |4 aut 
109 |a Menard, Scott W.  |a Menard, Scott  |a Menard, Scott William 
245 1 0 |a Age, period, and cohort size effects on self-reported alcohol, marijuana, and polydrug use: Results from the National Youth Survey 
264 1 |c 1989 
336 |a Text  |b txt  |2 rdacontent 
337 |a Computermedien  |b c  |2 rdamedia 
338 |a Online-Ressource  |b cr  |2 rdacarrier 
700 1 |a Huizinga, David  |e VerfasserIn  |4 aut 
773 0 8 |i Enthalten in  |t Social science research  |d Orlando, Fla. : Academic Press, 1972  |g 18(1989), 2, Seite 174-194  |h Online-Ressource  |w (DE-627)26812888X  |w (DE-600)1471780-3  |w (DE-576)104194065  |x 1096-0317  |7 nnas 
773 1 8 |g volume:18  |g year:1989  |g number:2  |g pages:174-194 
787 0 8 |i Forschungsdaten  |a Elliott, Delbert S.  |t National Youth Survey (United States): Wave VI, 1983  |d [Erscheinungsort nicht ermittelbar] : [Verlag nicht ermittelbar], 1993  |w (DE-627)184005591X 
787 0 8 |i Forschungsdaten  |a Elliott, Delbert S.  |t National Youth Survey (United States): Wave V, 1980  |d [Erscheinungsort nicht ermittelbar] : [Verlag nicht ermittelbar], 1989  |w (DE-627)1840056037 
787 0 8 |i Forschungsdaten  |a Elliott, Delbert S.  |t National Youth Survey (United States): Wave IV, 1979  |d [Erscheinungsort nicht ermittelbar] : [Verlag nicht ermittelbar], 1988  |w (DE-627)1840056045 
787 0 8 |i Forschungsdaten  |a Elliott, Delbert S.  |t National Youth Survey (United States): Wave III, 1978  |d [Erscheinungsort nicht ermittelbar] : [Verlag nicht ermittelbar], 1986  |w (DE-627)1840056029 
787 0 8 |i Forschungsdaten  |a Elliott, Delbert S.  |t National Youth Survey (United States): Wave II, 1977  |d [Erscheinungsort nicht ermittelbar] : [Verlag nicht ermittelbar], 1985  |w (DE-627)1840056061 
787 0 8 |i Forschungsdaten  |a Elliott, Delbert S.  |t National Youth Survey (United States): Wave I, 1976  |d [Erscheinungsort nicht ermittelbar] : [Verlag nicht ermittelbar], 1985  |w (DE-627)1840056118 
856 4 0 |u https://doi.org/10.1016/0049-089X(89)90018-5  |x Resolving-System  |z lizenzpflichtig  |3 Volltext  |7 1 
935 |a mkri 
951 |a AR 
ELC |a 1 
LOK |0 000 xxxxxcx a22 zn 4500 
LOK |0 001 4637418747 
LOK |0 003 DE-627 
LOK |0 004 1912453258 
LOK |0 005 20241217044132 
LOK |0 008 241217||||||||||||||||ger||||||| 
LOK |0 035   |a (DE-2619)ICPSR21269 
LOK |0 040   |a DE-2619  |c DE-627  |d DE-2619 
LOK |0 092   |o n 
LOK |0 852   |a DE-2619 
LOK |0 852 1  |9 00 
LOK |0 935   |a nacp 
LOK |0 939   |a 17-12-24  |b l01 
ORI |a SA-MARC-krimdoka001.raw